| 000 | 00880nam a2200265Ia 4500 | ||
|---|---|---|---|
| 003 | OSt | ||
| 005 | 20220923211501.0 | ||
| 006 | a|||||r|||| 00| 0 | ||
| 007 | ta | ||
| 008 | Pun | ||
| 020 |
_a9789352043903 (hbk) _c395 |
||
| 024 | _a319,726 | ||
| 037 |
_b770, 27/02/2017, H.K. Prakashan _cTextual |
||
| 040 |
_aARTS _cARTS _bPun |
||
| 041 |
_2Pun _aPun |
||
| 082 | _aO153,2N18:g, Q5 | ||
| 100 | _aਸੀਮਾ ਰਾਣੀ, ਂਚ. | ||
| 245 | 0 | _aਬਲਵੰਤ ਗਾਰਗੀ ਦੀ ਨਾਟ-ਦ੍ਰਿFਟੀ | |
| 260 |
_aਚੰਡੀਗੜ _b ਲੋਕਗੀਤ ਪ੍ਰਕਾFਨ _c2015 |
||
| 300 |
_a174ਪ੍ਰ0 _ccm. |
||
| 650 | _a ਪੰਜਾਬੀ ਨਾਟਕ | ||
| 650 | _aਸ਼ਚਅਹ਼ਲਜ | ||
| 942 |
_hO153,2N18:g, Q5 _cTEXL _2CC |
||
| 999 |
_c300007 _d300007 |
||